Teach yourself Access 95 in 14 days

Bibliographic Details
Main Author: Cassel, Paul
Format: Book
Published: Indianapolis : Sams Publishing , 1995
Edition:3rd. Ed.
Subjects:

MARC

LEADER 00000cam a2200000 7i4500
001 0000004318
005 20050425.0
020 |a 0672307928 
040 |a INS 
090 0 0 |a QA76.9.D3   |b C3442 1995 
100 1 |a Cassel, Paul 
245 1 0 |a Teach yourself Access 95 in 14 days   |c Paul Cassel 
250 |a 3rd. Ed. 
260 |a Indianapolis :   |b Sams Publishing ,   |c 1995 
300 |a 682 pgs. 
650 0 0 |a Database Management 
650 0 0 |a Microsoft Access 
650 0 0 |a Microsoft Windows (Computer Files) 
999 |a 0000007227   |b BOOK   |c Open Shelf   |e Default branch